| 000 | 00618nam a2200217 i 4500 | ||
|---|---|---|---|
| 001 | 20785 | ||
| 003 | ES-MaACL | ||
| 005 | 20230906152349.0 | ||
| 007 | t| | ||
| 008 | 021118s1966 sp ||||1| spa d | ||
| 100 | 1 |
_aAitmatov, Chinguiz. _919003 |
|
| 245 | 1 | 0 |
_aTierra madre _b: novela / _cChinguiz Aitmatov ; [traducción del ruso por Augusto Vidal]. |
| 250 | _a1ª ed. | ||
| 260 |
_aBarcelona : _bPlaneta, _c1966. |
||
| 300 |
_a260 p. ; _c19 cm. |
||
| 490 | 1 |
_aInfinito ; _v3 |
|
| 700 | 1 |
_aVidal, Augusto. _9185480 |
|
| 830 | 1 |
_aInfinito ; _v3 _9183611 |
|
| 852 |
_aES-MaACL _jC-29905 |
||
| 999 |
_c20785 _d20785 |
||